| 000 | 01258nam a2200301 a 4500 | ||
|---|---|---|---|
| 003 | AR-BaBNM | ||
| 005 | 20251128205151.0 | ||
| 008 | 082120s2002 ||||||||||||||000 | spa|| | ||
| 040 | _cAR-BaBNM | ||
| 110 | 2 | _aConsejo Federal de Inversiones [Argentina] | |
| 245 | 0 | 0 |
_aServicios educativos nacionales en las provincias _binformación básica sobre aspectos financieros y edilicios |
| 250 | _a1ª ed. | ||
| 260 |
_aBuenos Aires _bConsejo Federal de Inversiones _c1991 |
||
| 300 |
_a128 p. _btablas, diagr. |
||
| 490 | 0 | _aEstado & administración | |
| 500 | _aEsta publicación es producto de un convenio entre el Ministerio de Cultura y Educación, bajo la administración del Ministro Salonia y el Consejo Federal de Inversiones, con el objeto de elaborar información relativa a los aspectos financieros, patrimonial | ||
| 500 | _aSNEP: SUPERINTENDENCIA NACIONAL DE ENSEÑANZA PRIVADA | ||
| 650 | 4 | _aORGANIZACION DE LA EDUCACION | |
| 650 | 4 | _aADMINISTRACION DE LA EDUCACION | |
| 650 | 4 | _aEDIFICIOS | |
| 651 | 4 | _aArgentina | |
| 653 | _aFINANCIAMIENTO EDUCATIVO | ||
| 653 | _aINSTALACIONES EDUCATIVAS | ||
| 700 | 1 |
_aSalonia, Antonio Francisco _eprologuista |
|
| 700 | 1 |
_aCiacera, Juan José _eprologuista |
|
| 942 | _cBK | ||
| 998 | _cSILVI | ||
| 999 |
_c10265 _d10265 |
||